| 000 | 00617nam a2200217Ia 4500 | ||
|---|---|---|---|
| 008 | 191130s2010##################000#0#eng## | ||
| 020 | _a9780198064343 | ||
| 022 | _a2010281905 | ||
| 040 |
_aACL _cACL |
||
| 082 | _a658.155 RAJ | ||
| 100 | _aSrivastava, Rajiv | ||
| 245 |
_aDerivatives and risk management _cRajiv Srivastava |
||
| 260 |
_aNew Delhi _bOxford University Press _c2010 |
||
| 300 | _axvi, 592 p. : ill. ; 25 cm. | ||
| 500 | _aIncludes index | ||
| 650 | _aDerivative securities | ||
| 650 | _aRisk management | ||
| 990 | _a80bc770dac10000c59daf5a93e861129 | ||
| 991 | _a194607 | ||
| 999 |
_c255513 _d255513 |
||